Pour éveiller le désir d'apprendre (Record no. 3355)

MARC details
000 -LEADER
fixed length control field 01838nam a2200277 4500
008 - FIXED-LENGTH DATA ELEMENTS--GENERAL INFORMATION
fixed length control field s2005 fr fre u
020 ## - INTERNATIONAL STANDARD BOOK NUMBER
International Standard Book Number 9782100491902
040 ## - CATALOGING SOURCE
Original cataloging agency LB-BrCRDP
082 1# - DEWEY DECIMAL CLASSIFICATION NUMBER
Classification number 370.152
Item number MAG
100 1# - MAIN ENTRY--PERSONAL NAME
Personal name Mager, Robert
245 10 - TITLE STATEMENT
Title Pour éveiller le désir d'apprendre
Statement of responsibility, etc. Robert Mager
250 ## - EDITION STATEMENT
Edition statement 3e éd.
260 ## - PUBLICATION, DISTRIBUTION, ETC.
Place of publication, distribution, etc. Paris
Name of publisher, distributor, etc. Dunod
Date of publication, distribution, etc. 2005
300 ## - PHYSICAL DESCRIPTION
Extent 108 p.
Dimensions 22 cm
490 0# - SERIES STATEMENT
Series statement Psycho SUP
500 ## - GENERAL NOTE
General note Table des matières.
520 ## - SUMMARY, ETC.
Summary, etc. " Je désire, à défaut d'autre chose, que mes étudiants, lorsqu'ils me quittent, aient au moins autant d'intérêt pour la matière que j'enseigne, qu'ils en éprouveraient en arrivant à mon cours ".Bien des professeurs souscriront à cette déclaration ! Pour éveiller le désir d'apprendre est fait pour les aider à atteindre ce but. Après avoir insisté sur l'importance des objectifs dans l'enseignement, qu'il précise par ailleurs dans un ouvrage complémentaire Comment définir des objectifs pédagogiques, R. F. Mager analyse concrètement l'un des buts essentiels de l'enseignement : créer, auprès des étudiants, une " attitude positive " vis-à-vis de la matière enseignée.Ce petit livre très concret comprend de nombreux exemples précis ; il est d'une grande clarté, qualité majeure de R. F. Mager qui a l'art de présenter en termes simples des problèmes complexes. Le sujet, exposé de façon originale, intéressera à coup sûr un vaste public : tous les enseignants, les étudiants en pédagogie, les écoles normales. sans oublier les parents d'élèves.
650 4# - SUBJECT ADDED ENTRY--TOPICAL TERM
Topical term or geographic name entry element Sciences de l'éducation
650 4# - SUBJECT ADDED ENTRY--TOPICAL TERM
Topical term or geographic name entry element Cognition
650 4# - SUBJECT ADDED ENTRY--TOPICAL TERM
Topical term or geographic name entry element Apprentissage
650 4# - SUBJECT ADDED ENTRY--TOPICAL TERM
Topical term or geographic name entry element Plaisir d'apprendre
650 4# - SUBJECT ADDED ENTRY--TOPICAL TERM
Topical term or geographic name entry element Formation des enseignants
650 4# - SUBJECT ADDED ENTRY--TOPICAL TERM
Topical term or geographic name entry element Enseignement
942 ## - ADDED ENTRY ELEMENTS (KOHA)
Koha item type Books
Holdings
Withdrawn status Lost status Source of classification or shelving scheme Damaged status Not for loan Home library Current library Shelving location Date acquired Source of acquisition Cost, normal purchase price Total Checkouts Full call number Barcode Date last seen Copy number Price effective from Koha item type
    Dewey Decimal Classification     مكتبة دار المعلمين و المعلمات - بئر حسن مكتبة دار المعلمين و المعلمات - بئر حسن Salle de Lecture 12/17/2008 Ambassade de France 0.00   370.15 Mag CRB2645 07/27/2016 1 07/27/2016 Books
    Dewey Decimal Classification     مكتبة دار المعلمين و المعلمات - زحلة مكتبة دار المعلمين و المعلمات - زحلة Salle de Lecture 12/22/2008 Amb. de France 15.30   370.152 MAG CRZ3595 07/27/2016 1 07/27/2016 Books